| 000 | 00992cam a2200289Ia 4500 | ||
|---|---|---|---|
| 020 | _a9251046530 | ||
| 040 | _cOLA | ||
| 082 | 1 | 4 | _a639 FOO 2001 A090 Or. |
| 100 | 1 | _aMedina Pizzali, A. F | |
| 245 | 1 | 0 | _aLow-cost fish retailing equipment and facilities in large urban areas of Southeast Asia / |
| 246 | 3 | 0 | _aFish retailing equipment and facilities in large urban areas of Southeast Asia |
| 260 |
_aRome : _bFood and Agriculture Organization of the United Nations, _cc2001 |
||
| 300 |
_aii, 142 p. : _bill. ; _c30 cm |
||
| 490 | 1 | _aFAO fisheries technical paper, | |
| 500 | _aPresents case studies conducted in Manila, Kuala Lumpur, Singapore and Bangkok | ||
| 650 | 0 | _aFishery products | |
| 650 | 0 | _aFishery products | |
| 650 | 0 | _aFishes | |
| 650 | 0 | _aFishes | |
| 650 | 0 | _aFish handling | |
| 650 | 0 | _aFish handling | |
| 650 | 0 | _aFish trade | |
| 650 | 0 | _aFish trade | |
| 650 | 0 | _aFishes | |
| 710 | 2 | _aFood and Agriculture Organization of the United Nations | |
| 942 | _cEK | ||
| 999 |
_c15899 _d15899 |
||